Coach Bo will show you / (Record no. 8261)
[ view plain ]
| 000 -LEADER | |
|---|---|
| fixed length control field | 02401nam a22003257a 4500 |
| 001 - CONTROL NUMBER | |
| control field | 8261 |
| 003 - CONTROL NUMBER IDENTIFIER | |
| control field | FISKH |
| 005 - DATE AND TIME OF LATEST TRANSACTION | |
| control field | 20260226140250.0 |
| 008 - FIXED-LENGTH DATA ELEMENTS--GENERAL INFORMATION | |
| fixed length control field | 250905b cb ||||| |||| 00| 0 eng d |
| 020 ## - INTERNATIONAL STANDARD BOOK NUMBER | |
| International Standard Book Number | 9780764137235 |
| 040 ## - CATALOGING SOURCE | |
| Original cataloging agency | FISKH |
| Language of cataloging | eng |
| Transcribing agency | FISKH |
| Modifying agency | FISKH |
| 050 ## - LIBRARY OF CONGRESS CALL NUMBER | |
| Classification number | PE1157.M38 |
| 082 ## - DEWEY DECIMAL CLASSIFICATION NUMBER | |
| Classification number | 428.1 |
| 100 ## - MAIN ENTRY--PERSONAL NAME | |
| Personal name | Marx, David F |
| 245 ## - TITLE STATEMENT | |
| Title | Coach Bo will show you / |
| Statement of responsibility, etc. | By David F. Marx : Illustrated by Karen Stormer Brooks |
| 260 ## - PUBLICATION, DISTRIBUTION, ETC. | |
| Place of publication, distribution, etc. | New York : |
| Name of publisher, distributor, etc. | Barron's Education Series, Inc., |
| Date of publication, distribution, etc. | 2007. |
| 300 ## - PHYSICAL DESCRIPTION | |
| Extent | 24 pages : |
| Other physical details | color illustrations ; |
| Dimensions | 23 cm . |
| 490 ## - SERIES STATEMENT | |
| Series statement | Reader's Clubhouse |
| Volume/sequential designation | Level 3 Readers |
| 505 ## - FORMATTED CONTENTS NOTE | |
| Formatted contents note | H <br/> |
| 520 ## - SUMMARY, ETC. | |
| Summary, etc. | This is Book 4 in the new Level 3 nine-book set of Reader's Clubhouse elementary readers. They are designed for both classroom use and home schooling in grades 1 and 2. Level 3 books are primarily intended for reading instruction following students' completion of Levels 1 and 2 readers in grades K and 1. Reader's Clubhouse titles on all levels emphasize the phonics method of teaching. Each Level 3 book focuses on just a few vowel sounds. Six of the Level 3 readers fall into the fiction category, and feature attractive color illustrations supplementing a wide range of story themes. Each title also suggests an activity related to the book's subject matter that is appropriate to the child's grade level. Nonfiction titles are photo illustrated in color. In addition to their main text for reading instruction, they present "Fun Facts" sidebars that will enrich children's reading experiences with interesting items of information. The nonfiction readers contain the basic elements of an adult's nonfiction book, including glossary and index. They also list two books and one web site where teachers, parents, and kids can find more information about each book's subject. All books present a letter addressed to parents and teachers which explains the fundamental phonics concepts that underlie the Reader's Clubhouse series. Book 4 teaches the oa and ow sounds. |
| 521 8# - TARGET AUDIENCE NOTE | |
| Target audience note | 400 <br/> |
| Source | Lexile estimate <br/> |
| 521 8# - TARGET AUDIENCE NOTE | |
| Target audience note | H <br/> |
| Source | Raz-Plus <br/> |
| 650 ## - SUBJECT ADDED ENTRY--TOPICAL TERM | |
| Topical term or geographic name entry element | English Language- Vowels |
| Form subdivision | Juvenile Literature |
| 650 ## - SUBJECT ADDED ENTRY--TOPICAL TERM | |
| Topical term or geographic name entry element | English Language-Pronunciation |
| Form subdivision | Juvenile Literature |
| 650 ## - SUBJECT ADDED ENTRY--TOPICAL TERM | |
| Topical term or geographic name entry element | Sports |
| Form subdivision | Juvenile Literature |
| 700 ## - ADDED ENTRY--PERSONAL NAME | |
| Personal name | Stutz, Carol |
| Relator term | Illustrator |
| 700 ## - ADDED ENTRY--PERSONAL NAME | |
| Personal name | Gross, Deborah |
| Relator term | Illustrator |
| 942 ## - ADDED ENTRY ELEMENTS (KOHA) | |
| Source of classification or shelving scheme | Dewey Decimal Classification |
| Koha item type | Books |
| Suppress in OPAC | No |
| Withdrawn status | Lost status | Source of classification or shelving scheme | Damaged status | Not for loan | Collection | Home library | Current library | Shelving location | Date acquired | Total Checkouts | Full call number | Barcode | Date last seen | Copy number | Price effective from | Koha item type |
|---|---|---|---|---|---|---|---|---|---|---|---|---|---|---|---|---|
| Dewey Decimal Classification | Non-Fiction | Footprints International School Library Network Toul Tom Poung Campus | Footprints International School Library Network Toul Tom Poung Campus | TTP Primary Dark Blue Bookshelves | 09/05/2025 | MAR 428.1 PE1157.M38 | FIS03273 | 09/05/2025 | 1 | 09/05/2025 | Books | |||||
| Dewey Decimal Classification | Non-Fiction | Footprints International School Library Network Toul Tom Poung Campus | Footprints International School Library Network Toul Tom Poung Campus | TTP Primary Dark Blue Bookshelves | 02/26/2026 | MAR 428.1 PE1157.M38 | FISTK00700 | 02/26/2026 | 2 | 02/26/2026 | Books |
